| 000 | 00000nam##2200000za#4500 |
| 001 | 9.605101 |
| 003 | CaOODSP |
| 005 | 20250403105202 |
| 007 | cr ||||||||||| |
| 008 | 150406|1998||||xxc|||||o f|0| 0 fre|d |
| 040 | |aCaOODSP|bfre |
| 043 | |an-cn--- |
| 086 | 1 |aCS96-321/3-1998F-PDF |
| 245 | 00|aL'éducation au Canada : |h[ressource électronique]|btendances récentes et défis à relever / |c[par] Neil Guppy et Scott Davies. Publié en collaboration avec ITP Nelson. |
| 260 | |aOttawa - Ontario : |bStatistique Canada |c1998. |
| 490 | 1 |aSérie des monographies du recensement|vno. 3 |
| 500 | |aPublication du recensement historique numérisé par Statistique Canada. |
| 590 | |a13-04-Supp|b2013-02-13 |
| 691 | 07|aDonnées du recensement|2gcpds |
| 691 | 07|aÉducation|2gcpds |
| 710 | 2 |aStatistique Canada. |
| 775 | 08|tEducation in Canada : |w(CaOODSP)9.575602 |
| 776 | 0#|tL'éducation au Canada : |w(CaOODSP)9.624926 |
| 830 | #0|aSérie des monographies du recensement ;|vno. 3|w(CaOODSP)9.503775 |
| 856 | 40|ahttp://publications.gc.ca|qPDF|s10.8 Mo|uhttps://publications.gc.ca/collections/collection_2012/statcan/rh-hc/CS96-321-3-1998-fra.pdf|yno. 3 |